000 00450nmm a2200169Ia 4500
008 251105s9999||||xx |||||||||||||||||und||
020 _a8495776863
041 _aspa
100 _aSvevo, Italo
245 0 _aEl viejo y la jovencita
264 _a[Madrid, España] :
_bMontesinos,
_c2004
300 _a192 páginas
490 _aNarrativa
650 _aOther narratives
856 _uhttps://public.digitaliapublishing.com/a/37112
942 _cCF
999 _c73986
_d73986